00609nam a2200193Ia 4500008004100000020001600041050000900057050001400066245004300080260001400123260003000137260000900167300001800176300005300194300001100247650002300258999001900281952011500300170203s9999 xx 000 0 und d a0 852299230 a0 30 bEn56 2002 aEncyclopedia Brittanica almanac 2003 / aLondon :  bEncyclopaedia Britannica. c2002 a1124 pages :  billustrations (some color), maps (some color) ;  c21 cm. aAlmanacs, English. c305855d305855 001040aSSISBbSSISBc REFd2017-02-03l0oRef. 030 .En56 2002pUS- 0739r2017-02-03 00:00:00w2017-02-03yBK